书目信息 |
| 题名: |
股票:取胜之道
|
|
| 作者: | 陈宪 著 | |
| 分册: | ||
| 出版信息: | 成都 四川人民出版社 1998.05 |
|
| 页数: | 230页 | |
| 开本: | 32开 | |
| 丛书名: | ||
| 单 册: | ||
| 中图分类: | F830.91 | |
| 科图分类: | ||
| 主题词: | 金融 , 银行 | |
| 电子资源: | ||
| ISBN: | 7-220-04054-7 | |
| 000 | 00553nam0 2200205 45 | |
| 001 | 0008100998 | |
| 005 | 20000810094850.0 | |
| 010 | @a7-220-04054-7@d25.00元 | |
| 100 | @a20000810d1998 km y0chiy0120 ea | |
| 101 | 0 | @achi |
| 105 | @a z 000yy | |
| 200 | 1 | @a股票:取胜之道@AGu Piao:Qu Sheng Zhi Dao@f陈宪 著@FChen Xian Zhu |
| 210 | @a成都@c四川人民出版社@d1998.05 | |
| 215 | @a230页@d32开 | |
| 606 | 0 | @a金融 |
| 606 | 0 | @a银行 |
| 690 | @aF830.91@v3 | |
| 701 | 0 | @a陈宪@4著 |
| 801 | @aCN@bPftUser@c20000810 | |
| 905 | @b101590-594@dF830.91@eCH.464@f5 | |
| 股票:取胜之道/陈宪 著.-成都:四川人民出版社,1998.05 |
| 230页;32开 |
| ISBN 7-220-04054-7:25.00元 |
| ● |
| 相关链接 |
|
|
|
正题名:股票:取胜之道
索取号:F830.91/CH.464
 
预约/预借
| 序号 | 登录号 | 条形码 | 馆藏地/架位号 | 状态 | 备注 |
| 1 | 101590 | 201015908 | 社科库409/409社科库 52排5列5层/ [索取号:F830.91/CH.464] | 在馆 | |
| 2 | 101591 | 201015917 | 社科库409/409社科库 103排1列3层/ [索取号:F830.91/CH.464] | 在馆 | |
| 3 | 101592 | 201015926 | 社科库409/409社科库 52排5列5层/ [索取号:F830.91/CH.464] | 在馆 | |
| 4 | 101593 | 201015935 | 社科库409/409社科库 52排5列5层/ [索取号:F830.91/CH.464] | 在馆 | |
| 5 | 101594 | 201015944 | 社科库409/422社科库 33排2列2层/ [索取号:F830.91/CH.464] | 在馆 |